000 00514nam a2200145 a 4500
008 120416s1984 ||||||||||||||||| || u
050 _aTH 435 Col
100 _aCollier, Keith
245 1 0 _aEstimating construction costs
246 _aa conceptual approach
260 _aReston, Va
_bReston Publishing Company
_c1984
300 _axv, 315p. : ill.
350 _a0.00
995 _D0.00
_FCBU-MAIN LIBRARY (Kitwe)
_H1
_I24.95
_UDAMAGED
_ZMain Library Open Access Collection
999 _c42492
_d42492